<?xml version="1.0" encoding="UTF-8"?>
<record
    xmlns:xsi="http://www.w3.org/2001/XMLSchema-instance"
    xsi:schemaLocation="http://www.loc.gov/MARC21/slim http://www.loc.gov/standards/marcxml/schema/MARC21slim.xsd"
    xmlns="http://www.loc.gov/MARC21/slim">

  <leader>00924nam a2200277 i 4500</leader>
  <controlfield tag="001">000021878</controlfield>
  <controlfield tag="003">DO-SdBNP</controlfield>
  <controlfield tag="005">20240117081754.0</controlfield>
  <controlfield tag="007">ta</controlfield>
  <controlfield tag="008">091012s1968    dr      r     000 0 spa d</controlfield>
  <datafield tag="040" ind1=" " ind2=" ">
    <subfield code="a">DO-SdBNP</subfield>
    <subfield code="b">spa</subfield>
    <subfield code="c">BNPHU</subfield>
    <subfield code="e">rda</subfield>
  </datafield>
  <datafield tag="082" ind1=" " ind2="4">
    <subfield code="a">972.93</subfield>
    <subfield code="b">G216c, 1968</subfield>
    <subfield code="2">22</subfield>
  </datafield>
  <datafield tag="100" ind1="1" ind2=" ">
    <subfield code="a">Garc&#xED;a, Jos&#xE9; Gabriel,</subfield>
    <subfield code="d">1834-1910</subfield>
    <subfield code="9">26153</subfield>
    <subfield code="e">autor</subfield>
  </datafield>
  <datafield tag="245" ind1="1" ind2="0">
    <subfield code="a">Compendio de la historia de Santo Domingo /</subfield>
    <subfield code="c">Jos&#xE9; Gabriel Garc&#xED;a.</subfield>
  </datafield>
  <datafield tag="250" ind1=" " ind2=" ">
    <subfield code="a">4a ed.</subfield>
  </datafield>
  <datafield tag="264" ind1=" " ind2=" ">
    <subfield code="a">Santo Domingo :</subfield>
    <subfield code="b">Publicaciones Ahora,</subfield>
    <subfield code="c">1968.</subfield>
  </datafield>
  <datafield tag="300" ind1=" " ind2=" ">
    <subfield code="a">4 volumenes ;</subfield>
    <subfield code="c">21 cm.</subfield>
  </datafield>
  <datafield tag="336" ind1=" " ind2=" ">
    <subfield code="2">rdacontent</subfield>
    <subfield code="a">texto</subfield>
    <subfield code="b">txt</subfield>
  </datafield>
  <datafield tag="337" ind1=" " ind2=" ">
    <subfield code="2">rdamedia</subfield>
    <subfield code="a">sin medici&#xF3;n</subfield>
    <subfield code="b">n</subfield>
  </datafield>
  <datafield tag="338" ind1=" " ind2=" ">
    <subfield code="2">rdacarrier</subfield>
    <subfield code="a">volumen</subfield>
    <subfield code="b">nc</subfield>
  </datafield>
  <datafield tag="590" ind1=" " ind2=" ">
    <subfield code="a">Inventariado, 2018/BT</subfield>
  </datafield>
  <datafield tag="651" ind1=" " ind2="4">
    <subfield code="a">Rep&#xFA;blica Dominicana</subfield>
    <subfield code="x">Historia</subfield>
    <subfield code="9">170</subfield>
  </datafield>
  <datafield tag="651" ind1=" " ind2="4">
    <subfield code="a">Isla Espa&#xF1;ola (Hait&#xED; y Rep&#xFA;blica Dominicana{Rpara}</subfield>
    <subfield code="x">Historia</subfield>
    <subfield code="9">38883</subfield>
  </datafield>
  <datafield tag="910" ind1=" " ind2=" ">
    <subfield code="a">Validado. Control de calidad. MFF</subfield>
  </datafield>
  <datafield tag="942" ind1=" " ind2=" ">
    <subfield code="2">ddc</subfield>
    <subfield code="c">LBS1</subfield>
  </datafield>
  <datafield tag="952" ind1=" " ind2=" ">
    <subfield code="0">0</subfield>
    <subfield code="1">0</subfield>
    <subfield code="2">ddc</subfield>
    <subfield code="5">1</subfield>
    <subfield code="7">0</subfield>
    <subfield code="8">PD</subfield>
    <subfield code="a">BNPHU</subfield>
    <subfield code="b">BNPHU</subfield>
    <subfield code="c">HD</subfield>
    <subfield code="d">2010-09-14</subfield>
    <subfield code="e">Donaci&#xF3;n</subfield>
    <subfield code="o">BNPHU PD 972.93 G216c 1968</subfield>
    <subfield code="p">21878-10</subfield>
    <subfield code="r">2020-06-25</subfield>
    <subfield code="t">v.1</subfield>
    <subfield code="w">2020-06-25</subfield>
    <subfield code="y">LBS1</subfield>
  </datafield>
  <datafield tag="952" ind1=" " ind2=" ">
    <subfield code="0">0</subfield>
    <subfield code="1">0</subfield>
    <subfield code="2">ddc</subfield>
    <subfield code="5">1</subfield>
    <subfield code="7">0</subfield>
    <subfield code="8">PD</subfield>
    <subfield code="a">BNPHU</subfield>
    <subfield code="b">BNPHU</subfield>
    <subfield code="c">HD</subfield>
    <subfield code="d">2011-03-30</subfield>
    <subfield code="e">Donaci&#xF3;n por la UNPHU 05-00-2018</subfield>
    <subfield code="o">BNPHU PD 972.93 G216c 1968</subfield>
    <subfield code="p">21878-20</subfield>
    <subfield code="r">2020-06-25</subfield>
    <subfield code="t">v.1, e.2</subfield>
    <subfield code="w">2020-06-25</subfield>
    <subfield code="y">LBS1</subfield>
  </datafield>
  <datafield tag="952" ind1=" " ind2=" ">
    <subfield code="0">0</subfield>
    <subfield code="1">0</subfield>
    <subfield code="2">ddc</subfield>
    <subfield code="5">1</subfield>
    <subfield code="7">0</subfield>
    <subfield code="8">PD</subfield>
    <subfield code="a">BNPHU</subfield>
    <subfield code="b">BNPHU</subfield>
    <subfield code="c">HD</subfield>
    <subfield code="d">2011-03-30</subfield>
    <subfield code="o">BNPHU PD 972.93 G216c 1968</subfield>
    <subfield code="p">21878-30</subfield>
    <subfield code="r">2020-06-25</subfield>
    <subfield code="t">v.2</subfield>
    <subfield code="w">2020-06-25</subfield>
    <subfield code="y">LBS1</subfield>
  </datafield>
  <datafield tag="952" ind1=" " ind2=" ">
    <subfield code="0">0</subfield>
    <subfield code="1">0</subfield>
    <subfield code="2">ddc</subfield>
    <subfield code="5">1</subfield>
    <subfield code="7">0</subfield>
    <subfield code="8">PD</subfield>
    <subfield code="a">BNPHU</subfield>
    <subfield code="b">BNPHU</subfield>
    <subfield code="c">HD</subfield>
    <subfield code="d">2011-03-30</subfield>
    <subfield code="o">BNPHU PD 972.93 G216c 1968</subfield>
    <subfield code="p">21878-40</subfield>
    <subfield code="r">2020-06-25</subfield>
    <subfield code="t">v.2, e.2</subfield>
    <subfield code="w">2020-06-25</subfield>
    <subfield code="y">LBS1</subfield>
  </datafield>
  <datafield tag="952" ind1=" " ind2=" ">
    <subfield code="0">0</subfield>
    <subfield code="1">0</subfield>
    <subfield code="2">ddc</subfield>
    <subfield code="5">1</subfield>
    <subfield code="7">0</subfield>
    <subfield code="8">PD</subfield>
    <subfield code="a">BNPHU</subfield>
    <subfield code="b">BNPHU</subfield>
    <subfield code="c">HD</subfield>
    <subfield code="d">2013-05-07</subfield>
    <subfield code="o">BNPHU PD 972.93 G216c 1968</subfield>
    <subfield code="p">21878-50</subfield>
    <subfield code="r">2020-06-25</subfield>
    <subfield code="t">v.3</subfield>
    <subfield code="w">2020-06-25</subfield>
    <subfield code="y">LBS1</subfield>
  </datafield>
  <datafield tag="952" ind1=" " ind2=" ">
    <subfield code="0">0</subfield>
    <subfield code="1">0</subfield>
    <subfield code="2">ddc</subfield>
    <subfield code="5">1</subfield>
    <subfield code="7">0</subfield>
    <subfield code="8">PD</subfield>
    <subfield code="a">BNPHU</subfield>
    <subfield code="b">BNPHU</subfield>
    <subfield code="c">HD</subfield>
    <subfield code="d">2022-05-10</subfield>
    <subfield code="e">Donaci&#xF3;n</subfield>
    <subfield code="o">BNPHU PD 972.93 G216c 1968</subfield>
    <subfield code="p">2022-1948</subfield>
    <subfield code="r">2022-05-10</subfield>
    <subfield code="t">v.3, e.2</subfield>
    <subfield code="w">2022-05-10</subfield>
    <subfield code="y">LBS1</subfield>
  </datafield>
  <datafield tag="952" ind1=" " ind2=" ">
    <subfield code="0">0</subfield>
    <subfield code="1">0</subfield>
    <subfield code="2">ddc</subfield>
    <subfield code="5">6</subfield>
    <subfield code="7">0</subfield>
    <subfield code="8">DS</subfield>
    <subfield code="a">BNPHU</subfield>
    <subfield code="b">BNPHU</subfield>
    <subfield code="c">HD</subfield>
    <subfield code="d">2022-05-16</subfield>
    <subfield code="o">BNPHU DS 972.93 G216c 1968</subfield>
    <subfield code="p">2022-2103</subfield>
    <subfield code="r">2022-05-16</subfield>
    <subfield code="t">v.3, e.3</subfield>
    <subfield code="w">2022-05-16</subfield>
    <subfield code="y">LBS1</subfield>
  </datafield>
  <datafield tag="952" ind1=" " ind2=" ">
    <subfield code="0">0</subfield>
    <subfield code="1">0</subfield>
    <subfield code="2">ddc</subfield>
    <subfield code="5">1</subfield>
    <subfield code="7">0</subfield>
    <subfield code="8">PD</subfield>
    <subfield code="a">BNPHU</subfield>
    <subfield code="b">BNPHU</subfield>
    <subfield code="c">HD</subfield>
    <subfield code="d">2022-05-16</subfield>
    <subfield code="e">Donaci&#xF3;n</subfield>
    <subfield code="o">BNPHU PD 972.93 G216c 1968</subfield>
    <subfield code="p">2022-2104</subfield>
    <subfield code="r">2022-05-16</subfield>
    <subfield code="t">v.4</subfield>
    <subfield code="w">2022-05-16</subfield>
    <subfield code="y">LBS1</subfield>
  </datafield>
  <datafield tag="952" ind1=" " ind2=" ">
    <subfield code="0">0</subfield>
    <subfield code="1">0</subfield>
    <subfield code="2">ddc</subfield>
    <subfield code="5">6</subfield>
    <subfield code="7">0</subfield>
    <subfield code="8">DS</subfield>
    <subfield code="a">BNPHU</subfield>
    <subfield code="b">BNPHU</subfield>
    <subfield code="c">HD</subfield>
    <subfield code="d">2024-01-17</subfield>
    <subfield code="e">Donado por la UNPHU</subfield>
    <subfield code="l">0</subfield>
    <subfield code="o">BNPHU DS 972.93 G216c 1968</subfield>
    <subfield code="p">2024-0264</subfield>
    <subfield code="r">2024-01-17</subfield>
    <subfield code="t">v.3, e.4</subfield>
    <subfield code="w">2024-01-17</subfield>
    <subfield code="y">LBS1</subfield>
  </datafield>
  <datafield tag="999" ind1=" " ind2=" ">
    <subfield code="c">21376</subfield>
    <subfield code="d">21376</subfield>
  </datafield>
</record>
